[Event "RUS-Cup2"]
[Site "Moscow"]
[Date "1996.??.??"]
[Round "7"]
[White "Aronian, Levon"]
[Black "Mukhametov, Eldar"]
[Result "0-1"]
[WhiteElo "2390"]
[BlackElo "2485"]
[PlyCount "112"]
[EventDate "1996.11.28"]
[EventType "swiss"]
[EventRounds "9"]
[EventCountry "RUS"]
[SourceTitle "CBM 056 Extra"]
[Source "ChessBase"]
[SourceDate "1997.03.01"]
[SourceVersion "1"]
[SourceVersionDate "1997.03.01"]
[SourceQuality "1"]

1. e4 e5 2. Nf3 Nc6 3. Bb5 g6 4. d4 exd4 5. Bxc6 dxc6 6. Qxd4 Qxd4 7. Nxd4 Bd7
8. Nc3 O-O-O 9. Be3 Nh6 10. h3 Re8 11. O-O-O f5 12. f3 Nf7 13. Rhe1 Bd6 14.
Nde2 g5 15. Bd4 Rhg8 16. exf5 Bxf5 17. Bf2 h5 18. Ng3 Rxe1 19. Rxe1 Bf4+ 20.
Kb1 Bg6 21. Nge4 Rd8 22. Be3 Bxe4 23. fxe4 Bxe3 24. Rxe3 Ne5 25. Rg3 g4 26.
hxg4 hxg4 27. Kc1 Rf8 28. Kd2 b5 29. b3 Kd7 30. Ke2 Rf4 31. Nd1 Rxe4+ 32. Re3
Rxe3+ 33. Nxe3 Ke6 34. Kf2 Kf6 35. Kg3 Kg5 36. b4 a6 37. c3 Nd3 38. Nxg4 Nc1
39. Ne5 c5 40. a3 c4 41. Nf3+ Kf5 42. Nd4+ Ke4 43. Ne6 Kd3 44. Nxc7 Kxc3 45.
Kf4 Kd2 46. Nd5 c3 47. Nxc3 Kxc3 48. g4 Kd4 49. g5 Nd3+ 50. Kf5 Ne5 51. Ke6 Ke4
52. Kf6 Kd5 53. Kg7 Nf3 54. g6 Nh4 55. Kf6 Nxg6 56. Kxg6 Kc4 0-1

[Event "RUS-Cup2"]
[Site "Moscow"]
[Date "1996.??.??"]
[Round "9"]
[White "Aronian, Levon"]
[Black "Granovski, Aleksandar"]
[Result "1-0"]
[WhiteElo "2390"]
[BlackElo "2250"]
[PlyCount "75"]
[EventDate "1996.11.28"]
[EventType "swiss"]
[EventRounds "9"]
[EventCountry "RUS"]
[SourceTitle "CBM 056 Extra"]
[Source "ChessBase"]
[SourceDate "1997.03.01"]
[SourceVersion "1"]
[SourceVersionDate "1997.03.01"]
[SourceQuality "1"]

1. c4 e5 2. Nc3 Nc6 3. g3 f5 4. Bg2 Nf6 5. e3 g6 6. d3 Bg7 7. Rb1 a5 8. a3 Qe7
9. Nge2 O-O 10. O-O b6 11. Nd5 Qd8 12. b4 axb4 13. axb4 Bb7 14. Qb3 Kh8 15. Bd2
d6 16. Ndc3 Qd7 17. Ra1 Rfb8 18. Rae1 Ne7 19. e4 fxe4 20. dxe4 Bc6 21. b5 Bb7
22. Nd5 Rf8 23. Nec3 Nexd5 24. cxd5 Qe8 25. Qc4 Qd8 26. Bh3 Nd7 27. Bg5 Bf6 28.
Bxd7 Bxg5 29. Be6 Bc8 30. Ra1 Rxa1 31. Rxa1 Bd2 32. Nd1 Bxe6 33. dxe6 Qe7 34.
Ra7 Rc8 35. Nb2 Kg7 36. Qd5 Bc3 37. Nc4 Bd4 38. Qxd6 1-0

[Event "RUS-Cup3"]
[Site "Omsk"]
[Date "1996.??.??"]
[Round "2"]
[White "Aronian, Levon"]
[Black "Usatchev, Sergei"]
[Result "1-0"]
[WhiteElo "2390"]
[BlackElo "2030"]
[PlyCount "40"]
[EventDate "1996.12.13"]
[EventType "swiss"]
[EventRounds "9"]
[EventCountry "RUS"]
[SourceTitle "CBM 057"]
[Source "ChessBase"]
[SourceDate "1997.04.01"]
[SourceVersion "1"]
[SourceVersionDate "1997.04.01"]
[SourceQuality "1"]

1. d4 Nf6 2. Nc3 e6 3. e4 Bb4 4. e5 Nd5 5. Qg4 g6 6. a3 f5 7. Qg3 Bxc3+ 8. bxc3
c5 9. h4 Qa5 10. Bd2 Nc6 11. c4 Ndb4 12. Rc1 Nxd4 13. axb4 cxb4 14. h5 Rg8 15.
hxg6 Rxg6 16. Qe3 Nc6 17. Nf3 b6 18. Rxh7 Kd8 19. Nd4 Nxd4 20. Qxd4 Kc7 1-0

[Event "RUS-Cup3"]
[Site "Omsk"]
[Date "1996.??.??"]
[Round "5"]
[White "Aronian, Levon"]
[Black "Kuchatova, Natalia"]
[Result "1-0"]
[WhiteElo "2390"]
[BlackElo "2100"]
[PlyCount "73"]
[EventDate "1996.12.13"]
[EventType "swiss"]
[EventRounds "9"]
[EventCountry "RUS"]
[SourceTitle "CBM 057"]
[Source "ChessBase"]
[SourceDate "1997.04.01"]
[SourceVersion "1"]
[SourceVersionDate "1997.04.01"]
[SourceQuality "1"]

1. c4 e5 2. Nc3 Nc6 3. g3 g6 4. Bg2 Bg7 5. Rb1 a5 6. a3 d6 7. b4 axb4 8. axb4
f5 9. b5 Nce7 10. d3 Nf6 11. e3 O-O 12. Nge2 Kh8 13. Qb3 g5 14. f4 exf4 15.
exf4 g4 16. Be3 Ng6 17. O-O h5 18. Bf2 h4 19. Rfe1 h3 20. Bh1 Ne7 21. Nd4 Rb8
22. Ra1 Bd7 23. Ra7 c5 24. bxc6 bxc6 25. Rb7 Rxb7 26. Qxb7 d5 27. c5 Nfg8 28.
Na4 Qa5 29. Qxd7 Qxa4 30. Ne6 Rf7 31. Bxd5 Qc2 32. Bc4 Bc3 33. Rf1 Qe2 34. Nd4
Bxd4 35. Qxd4+ Rg7 36. Qe3 Qb2 37. Re1 1-0

[Event "RUS-Cup3"]
[Site "Omsk"]
[Date "1996.??.??"]
[Round "7"]
[White "Aronian, Levon"]
[Black "Khasin, Alexander"]
[Result "1-0"]
[WhiteElo "2390"]
[BlackElo "2530"]
[PlyCount "63"]
[EventDate "1996.12.13"]
[EventType "swiss"]
[EventRounds "9"]
[EventCountry "RUS"]
[SourceTitle "CBM 057"]
[Source "ChessBase"]
[SourceDate "1997.04.01"]
[SourceVersion "1"]
[SourceVersionDate "1997.04.01"]
[SourceQuality "1"]

1. c4 c5 2. Nc3 g6 3. g3 Bg7 4. Bg2 Nc6 5. e3 d6 6. Nge2 Nf6 7. d4 O-O 8. O-O
Bf5 9. d5 Na5 10. e4 Bd7 11. Qd3 a6 12. b3 b5 13. Rb1 Rb8 14. cxb5 axb5 15. b4
Nb7 16. a3 c4 17. Qc2 e6 18. dxe6 fxe6 19. h3 Qc7 20. Be3 Nd8 21. Rfd1 Nf7 22.
a4 bxa4 23. Nxa4 Ne5 24. Nac3 Nd3 25. b5 e5 26. Nc1 Nc5 27. Qd2 Rb6 28. Bxc5
dxc5 29. Qa2 Be6 30. Qa5 Rc8 31. N1e2 Nd7 32. Rxd7 1-0

[Event "Fajr op 06th"]
[Site "Iran"]
[Date "1997.??.??"]
[Round "1"]
[White "Ghane Gardeh, Shojaat"]
[Black "Aronian, Levon"]
[Result "0-1"]
[WhiteElo "2205"]
[BlackElo "2420"]
[PlyCount "65"]
[EventDate "1997.??.??"]
[EventType "swiss"]
[EventRounds "9"]
[EventCountry "IRI"]
[SourceTitle "EXT 2003"]
[Source "ChessBase"]
[SourceDate "2002.11.25"]
[SourceVersion "1"]
[SourceVersionDate "2002.11.25"]
[SourceQuality "1"]

1. e3 Nf6 2. Nf3 g6 3. Be2 Bg7 4. O-O O-O 5. c4 b6 6. Nc3 Bb7 7. Qc2 c5 8. b3
Nc6 9. Bb2 Re8 10. Rad1 e5 11. Qb1 d5 12. cxd5 Nxd5 13. Nxd5 Qxd5 14. Bc4 Qd8
15. Qa1 Na5 16. Be2 Qc7 17. Bc3 Nc6 18. Bc4 Qe7 19. Ne1 Bh6 20. f4 exf4 21. Nd3
b5 22. Bd5 Nd4 23. exd4 Bxd5 24. dxc5 f3 25. gxf3 Qg5+ 26. Kh1 Re2 27. Ne1 Qh5
28. Be5 Bg7 29. Bg3 Bxa1 30. Rxa1 Rae8 31. b4 Rxh2+ 32. Bxh2 Re2 33. Ng2 0-1

[Event "Fajr op 06th"]
[Site "Iran"]
[Date "1997.??.??"]
[Round "2"]
[White "Aronian, Levon"]
[Black "Sobhani, Farshid"]
[Result "1-0"]
[WhiteElo "2420"]
[BlackElo "2235"]
[PlyCount "77"]
[EventDate "1997.??.??"]
[EventType "swiss"]
[EventRounds "9"]
[EventCountry "IRI"]
[SourceTitle "EXT 2003"]
[Source "ChessBase"]
[SourceDate "2002.11.25"]
[SourceVersion "1"]
[SourceVersionDate "2002.11.25"]
[SourceQuality "1"]

1. e4 e6 2. Nc3 d5 3. d4 dxe4 4. Nxe4 Nd7 5. Nf3 Ngf6 6. Bg5 Be7 7. Bxf6 gxf6
8. Qd2 f5 9. Ng3 Nf6 10. O-O-O Bd7 11. Ne5 h5 12. Bc4 Ne4 13. Nxe4 fxe4 14. Qe2
Bg5+ 15. Kb1 Qe7 16. Qxe4 O-O-O 17. Ba6 Qb4 18. Nxf7 Bf6 19. Nxd8 Rxd8 20. c3
Qb6 21. Bc4 Kb8 22. Rhe1 a5 23. Ka1 a4 24. a3 Qa5 25. Bxe6 Re8 26. Qd5 Bb5 27.
Qxh5 Qb6 28. Qc5 Rxe6 29. Rxe6 Qxe6 30. Qxb5 c6 31. Qxa4 Qe2 32. d5 b5 33. Qf4+
Be5 34. Qf8+ Ka7 35. Qc5+ Kb8 36. Qb6+ Ka8 37. Qxc6+ Ka7 38. Qc5+ Ka6 39. Rb1
1-0

[Event "Fajr op 06th"]
[Site "Iran"]
[Date "1997.??.??"]
[Round "3"]
[White "Shafiei, Alireza"]
[Black "Aronian, Levon"]
[Result "0-1"]
[WhiteElo "2200"]
[BlackElo "2420"]
[PlyCount "156"]
[EventDate "1997.??.??"]
[EventType "swiss"]
[EventRounds "9"]
[EventCountry "IRI"]
[SourceTitle "EXT 2003"]
[Source "ChessBase"]
[SourceDate "2002.11.25"]
[SourceVersion "1"]
[SourceVersionDate "2002.11.25"]
[SourceQuality "1"]

1. d4 Nf6 2. c4 g6 3. Nc3 d5 4. cxd5 Nxd5 5. e4 Nxc3 6. bxc3 Bg7 7. Nf3 c5 8.
Bb5+ Nc6 9. O-O cxd4 10. cxd4 O-O 11. Bxc6 bxc6 12. Ba3 Bg4 13. Bc5 Re8 14. Rc1
Qd7 15. Rc4 Qe6 16. d5 cxd5 17. exd5 Qd7 18. h3 Qb5 19. Qb3 Bd7 20. Re1 Rac8
21. Qxb5 Bxb5 22. Rcc1 Bb2 23. Rc2 Ba3 24. Nd4 Rxc5 25. Rxc5 Bxc5 26. Nxb5 Rc8
27. Rd1 Bb6 28. Rd2 Rc5 29. Na3 Rc3 30. Nc2 Kf8 31. Kf1 Ba5 32. Re2 Rc5 33. g3
Rxd5 34. Ne3 Rd4 35. Rc2 e6 36. h4 Ke7 37. Nc4 Bc7 38. Ke2 Kd7 39. Na3 Rd5 40.
Nc4 Rc5 41. Kd3 Kc6 42. Rb2 Rd5+ 43. Ke2 Rb5 44. Rc2 Rc5 45. Kd3 e5 46. h5 Rd5+
47. Ke2 Kd7 48. hxg6 hxg6 49. g4 Rb5 50. Kd3 Rb4 51. Re2 Rb5 52. Rc2 Rd5+ 53.
Ke2 Rd4 54. Ke3 Rd5 55. Rb2 Rc5 56. Kd3 Kc8 57. Rb1 Rc6 58. Re1 Re6 59. Ke4 Rf6
60. Re3 Rf4+ 61. Kd5 Rd4+ 62. Kc5 Rd1 63. Ra3 Kb7 64. Rb3+ Kc8 65. Ra3 Bb8 66.
Ra6 Kd7 67. Rf6 Ke7 68. Rc6 Kd7 69. Rf6 Ke7 70. Rc6 Kd7 71. Rf6 Ke7 72. Rc6 Kd8
73. Rf6 Rd7 74. Ra6 Rd3 75. Ra3 Bd6+ 76. Nxd6 Rxa3 77. Nxf7+ Ke7 78. Nxe5 Kf6
0-1

[Event "Fajr op 06th"]
[Site "Iran"]
[Date "1997.??.??"]
[Round "4"]
[White "Yurtaev, Leonid"]
[Black "Aronian, Levon"]
[Result "1-0"]
[WhiteElo "2495"]
[BlackElo "2420"]
[PlyCount "103"]
[EventDate "1997.??.??"]
[EventType "swiss"]
[EventRounds "9"]
[EventCountry "IRI"]
[SourceTitle "EXT 2003"]
[Source "ChessBase"]
[SourceDate "2002.11.25"]
[SourceVersion "1"]
[SourceVersionDate "2002.11.25"]
[SourceQuality "1"]

1. e4 c5 2. Nf3 d6 3. d4 cxd4 4. Nxd4 Nf6 5. Nc3 g6 6. Be2 Nc6 7. Nb3 Bg7 8.
O-O O-O 9. Bg5 a6 10. f4 b5 11. a3 Bb7 12. Bf3 Nd7 13. Qe1 Re8 14. Rd1 Nb6 15.
Nc5 Nc4 16. Nxb7 Qb6+ 17. Kh1 Qxb7 18. b3 Nb6 19. e5 f6 20. Bh4 fxe5 21. Qe4
Rac8 22. f5 Nd8 23. Qxb7 Nxb7 24. Nd5 e4 25. Bxe4 Nc5 26. Bf3 Nxd5 27. Bxd5+
Kh8 28. Bf7 Rf8 29. fxg6 Rc7 30. gxh7 Kxh7 31. Bd5 Rxf1+ 32. Rxf1 e6 33. Bf3 d5
34. g4 Bb2 35. Bg3 Rc8 36. g5 Bxa3 37. h4 Bb2 38. Be1 Ne4 39. Bg4 Rc6 40. b4
Be5 41. Rf7+ Kh8 42. g6 Rxc2 43. Rh7+ Kg8 44. Bxe6+ Kf8 45. Rf7+ Ke8 46. g7
Bxg7 47. Rxg7 d4 48. h5 Rc1 49. Rg1 d3 50. h6 Nf6 51. Bd2 Rc6 52. Bf5 1-0

[Event "Fajr op 06th"]
[Site "Iran"]
[Date "1997.??.??"]
[Round "5"]
[White "Aronian, Levon"]
[Black "Bagheri, Amir"]
[Result "0-1"]
[WhiteElo "2420"]
[BlackElo "2215"]
[PlyCount "130"]
[EventDate "1997.??.??"]
[EventType "swiss"]
[EventRounds "9"]
[EventCountry "IRI"]
[SourceTitle "EXT 2003"]
[Source "ChessBase"]
[SourceDate "2002.11.25"]
[SourceVersion "1"]
[SourceVersionDate "2002.11.25"]
[SourceQuality "1"]

1. e4 c6 2. Nc3 d5 3. d4 dxe4 4. Nxe4 Bf5 5. Ng3 Bg6 6. h4 h6 7. Nf3 Nd7 8. h5
Bh7 9. Bd3 Bxd3 10. Qxd3 Qc7 11. Bd2 Ngf6 12. Qe2 e6 13. O-O-O O-O-O 14. Ne5
Nb6 15. Ba5 Rd5 16. Bxb6 axb6 17. f4 Bd6 18. Kb1 c5 19. c3 Rd8 20. Rc1 Kb8 21.
Rhd1 Qe7 22. Nf1 cxd4 23. cxd4 Bc7 24. Ne3 Ra5 25. N3c4 Rad5 26. Na3 Qe8 27.
Rd3 Bd6 28. Nac4 Bc7 29. Qc2 Qe7 30. Rb3 b5 31. Na3 b4 32. Qe2 Bxe5 33. dxe5
bxa3 34. exf6 Qxf6 35. Rxa3 Qxf4 36. Rf3 Qg4 37. Qc2 R5d7 38. Qc5 Qg5 39. Qb6
Rc8 40. Rxc8+ Kxc8 41. Rc3+ Kb8 42. Qf2 Rd1+ 43. Kc2 Rc1+ 44. Kb3 Qd5+ 45. Ka3
Ra1 46. b4 e5 47. Qc2 Qe6 48. Rd3 Qa6+ 49. Kb3 Qe6+ 50. Ka3 Rxa2+ 51. Qxa2 Qa6+
52. Kb2 Qxd3 53. Qxf7 Qd4+ 54. Kb3 e4 55. Qe8+ Kc7 56. Qe7+ Kb6 57. Qe6+ Ka7
58. Kc2 e3 59. Qa2+ Kb8 60. Qg8+ Kc7 61. Qf7+ Kb6 62. Qe7 Ka6 63. Qe8 Qd2+ 64.
Kb3 Qd3+ 65. Ka4 b5+ 0-1

[Event "Fajr op 06th"]
[Site "Iran"]
[Date "1997.??.??"]
[Round "6"]
[White "Aronian, Levon"]
[Black "Vahidi, R."]
[Result "0-1"]
[WhiteElo "2420"]
[BlackElo "2235"]
[PlyCount "156"]
[EventDate "1997.??.??"]
[EventType "swiss"]
[EventRounds "9"]
[EventCountry "IRI"]
[SourceTitle "EXT 2003"]
[Source "ChessBase"]
[SourceDate "2002.11.25"]
[SourceVersion "1"]
[SourceVersionDate "2002.11.25"]
[SourceQuality "1"]

1. e4 c6 2. d4 d5 3. Nc3 dxe4 4. Nxe4 Bf5 5. Nc5 b6 6. Nb3 Nf6 7. Nf3 e6 8. g3
Nbd7 9. Bg2 Rc8 10. O-O Be7 11. Qe2 O-O 12. Ne5 Nd5 13. a3 Bf6 14. Rd1 Qc7 15.
c4 Ne7 16. f4 Rfd8 17. Be3 Nb8 18. Nf3 Bg4 19. h3 Bxf3 20. Bxf3 a5 21. Be4 Na6
22. c5 b5 23. Rac1 a4 24. Na1 Qd7 25. Nc2 Nc7 26. Rd3 Nf5 27. Bf2 g6 28. Rcd1
Nd5 29. Bg2 Qb7 30. Be1 Rd7 31. Qe4 Qb8 32. Qf3 Rb7 33. Qe2 Rd7 34. Be4 Rb7 35.
Qf3 Kh8 36. Bxd5 exd5 37. g4 Ne7 38. f5 gxf5 39. Bg3 Qa8 40. Ne3 Bg7 41. Nxf5
Nxf5 42. Qxf5 Re8 43. Bh4 Re6 44. Qf2 Qe8 45. Re1 Rxe1+ 46. Qxe1 Qxe1+ 47. Bxe1
Re7 48. Kf2 Re4 49. Bc3 Bh6 50. Rd1 Bg5 51. Kf1 Bh4 52. Rd3 Kg7 53. Bd2 Kg6 54.
Bc3 h5 55. gxh5+ Kxh5 56. Rd2 Re1+ 57. Kg2 f5 58. Kf3 Bg5 59. Rf2 Re4 60. Kg2
Kg6 61. Rf1 Bf6 62. Rd1 f4 63. Kf3 Kf5 64. Rd3 Bh4 65. Ba5 Bf6 66. Bc3 Bg7 67.
Kf2 Bf6 68. Kf3 Re8 69. Kf2 Rg8 70. Rd2 Bh4+ 71. Ke2 Rg2+ 72. Kf1 Rg3 73. Rh2
Rf3+ 74. Kg1 Rd3 75. Re2 f3 76. Rd2 f2+ 77. Kg2 Rg3+ 78. Kxf2 Rxc3+ 0-1

[Event "Fajr op 06th"]
[Site "Iran"]
[Date "1997.??.??"]
[Round "7"]
[White "Fekri, Farzad"]
[Black "Aronian, Levon"]
[Result "0-1"]
[WhiteElo "2145"]
[BlackElo "2420"]
[PlyCount "110"]
[EventDate "1997.??.??"]
[EventType "swiss"]
[EventRounds "9"]
[EventCountry "IRI"]
[SourceTitle "EXT 2003"]
[Source "ChessBase"]
[SourceDate "2002.11.25"]
[SourceVersion "1"]
[SourceVersionDate "2002.11.25"]
[SourceQuality "1"]

1. d4 Nf6 2. Nf3 g6 3. g3 Bg7 4. Bg2 O-O 5. c4 d5 6. O-O dxc4 7. Qc2 Nfd7 8.
Qxc4 Nb6 9. Qc2 Nc6 10. Rd1 Bf5 11. Qc5 e5 12. Bg5 Qd7 13. d5 h6 14. Nc3 Nd4
15. Nxe5 Bxe5 16. Bxh6 Qd6 17. Bxf8 Rxf8 18. Qxd6 cxd6 19. Rac1 Rc8 20. e3 Rxc3
21. bxc3 Ne2+ 22. Kf1 Nxc1 23. Rxc1 Bd3+ 24. Ke1 Bc4 25. e4 Bxa2 26. Kd2 a5 27.
Bf1 Na4 28. Bd3 g5 29. f3 Nc5 30. Bc2 a4 31. Rf1 Bc4 32. Rg1 b5 33. f4 Bg7 34.
Re1 gxf4 35. gxf4 Bh6 36. Ke3 a3 37. h4 a2 38. Ra1 Bg7 39. Rg1 Kf8 40. Kd2 b4
41. cxb4 Nb3+ 42. Bxb3 Bxb3 43. b5 a1=Q 44. Rxa1 Bxa1 45. Kd3 Bf6 46. h5 Bd8
47. h6 Kg8 48. Kc3 Ba4 49. Kb4 Bc2 50. e5 Bf5 51. b6 Bxb6 52. Kb5 Be3 53. Kc6
Bxf4 54. exd6 Bxh6 55. d7 Bg5 0-1

[Event "Fajr op 06th"]
[Site "Iran"]
[Date "1997.??.??"]
[Round "8"]
[White "Aronian, Levon"]
[Black "Bajarani, Ilgar"]
[Result "1/2-1/2"]
[WhiteElo "2420"]
[BlackElo "2405"]
[PlyCount "34"]
[EventDate "1997.??.??"]
[EventType "swiss"]
[EventRounds "9"]
[EventCountry "IRI"]
[SourceTitle "EXT 2003"]
[Source "ChessBase"]
[SourceDate "2002.11.25"]
[SourceVersion "1"]
[SourceVersionDate "2002.11.25"]
[SourceQuality "1"]

1. c4 Nf6 2. Nc3 e6 3. e4 c5 4. f4 Nc6 5. Nf3 d5 6. cxd5 exd5 7. e5 Ne4 8. d3
Nxc3 9. bxc3 Be7 10. Be2 O-O 11. O-O f6 12. Be3 d4 13. cxd4 cxd4 14. Bf2 fxe5
15. Qb3+ Kh8 16. Nxe5 Nxe5 17. fxe5 b6 1/2-1/2

[Event "Kasparov Cup"]
[Site "Moscow"]
[Date "1997.??.??"]
[Round "?"]
[White "Gratka, Krzysztof"]
[Black "Aronian, Levon"]
[Result "0-1"]
[WhiteElo "2275"]
[BlackElo "2420"]
[PlyCount "84"]
[EventDate "1997.??.??"]
[EventType "swiss"]
[EventRounds "9"]
[EventCountry "RUS"]
[SourceTitle "EXT 2000"]
[Source "ChessBase"]
[SourceDate "1999.11.16"]
[SourceVersion "1"]
[SourceVersionDate "1999.11.16"]
[SourceQuality "1"]

1. c4 e5 2. Nc3 Nf6 3. Nf3 Nc6 4. g3 d5 5. cxd5 Nxd5 6. Bg2 Nb6 7. O-O Be7 8.
d3 O-O 9. a3 Re8 10. b4 Bf8 11. Be3 Bg4 12. Nd2 Qc8 13. Re1 Nd4 14. Nb3 Nxb3
15. Qxb3 c6 16. Rec1 Qd7 17. Bxb6 axb6 18. b5 cxb5 19. Nxb5 Bc5 20. e3 Be6 21.
Qb2 Red8 22. d4 exd4 23. exd4 Ra5 24. dxc5 Rxb5 25. Qe5 h6 26. h4 Qd2 27. Rab1
bxc5 28. Rxb5 Qxc1+ 29. Kh2 c4 30. Rxb7 Qxa3 31. Rc7 Qd6 32. Qxd6 Rxd6 33. Bh3
f5 34. Rc5 Kf8 35. Bxf5 Rd5 36. Rxd5 Bxd5 37. Kg1 c3 38. Bc2 Bf3 39. Kf1 Ke7
40. Ke1 Kd6 41. Bf5 Kc5 42. Bc2 Kb4 0-1

[Event "Kasparov Cup"]
[Site "Moscow"]
[Date "1997.??.??"]
[Round "?"]
[White "Ibrahimov, Rasul"]
[Black "Aronian, Levon"]
[Result "0-1"]
[WhiteElo "2310"]
[BlackElo "2420"]
[PlyCount "76"]
[EventDate "1997.??.??"]
[EventType "swiss"]
[EventRounds "9"]
[EventCountry "RUS"]
[SourceTitle "EXT 2000"]
[Source "ChessBase"]
[SourceDate "1999.11.16"]
[SourceVersion "1"]
[SourceVersionDate "1999.11.16"]
[SourceQuality "1"]

1. e4 c5 2. c3 d6 3. d4 Nf6 4. Bd3 Nc6 5. Ne2 g6 6. O-O Bg7 7. h3 O-O 8. Be3 b6
9. Nd2 Bb7 10. a3 e5 11. d5 Ne7 12. b4 Nexd5 13. exd5 Nxd5 14. bxc5 Nxe3 15.
fxe3 Qg5 16. Rf2 Qxe3 17. Nb3 dxc5 18. Bc4 Rad8 19. Qf1 Bd5 20. Bxd5 Rxd5 21.
Re1 Qd3 22. Nbc1 Qc4 23. Kh1 f5 24. g3 Rfd8 25. Kh2 Rd2 26. Kg2 Bh6 27. Kh2 Qd5
28. Ng1 e4 29. Rxd2 Qxd2+ 30. Nce2 Rd3 31. Rb1 Be3 32. a4 Qc2 33. Re1 Rxc3 34.
h4 Rd3 35. Kg2 c4 36. Nh3 Bd2 37. Ra1 Be3 38. g4 f4 0-1

[Event "Kasparov Cup"]
[Site "Moscow"]
[Date "1997.??.??"]
[Round "?"]
[White "Miton, Kamil"]
[Black "Aronian, Levon"]
[Result "1/2-1/2"]
[WhiteElo "2280"]
[BlackElo "2420"]
[PlyCount "26"]
[EventDate "1997.??.??"]
[EventType "swiss"]
[EventRounds "9"]
[EventCountry "RUS"]
[SourceTitle "EXT 2000"]
[Source "ChessBase"]
[SourceDate "1999.11.16"]
[SourceVersion "1"]
[SourceVersionDate "1999.11.16"]
[SourceQuality "1"]

1. d4 Nf6 2. c4 g6 3. Nc3 d5 4. cxd5 Nxd5 5. Bd2 Bg7 6. e4 Nb6 7. Be3 O-O 8.
Nf3 f5 9. Qb3+ Kh8 10. exf5 Bxf5 11. Be2 Nc6 12. d5 Ne5 13. Nd4 a5 1/2-1/2

[Event "Pasanauri op"]
[Site "Pasanauri"]
[Date "1997.??.??"]
[Round "?"]
[White "Aronian, Levon"]
[Black "Chipashvili, Mikheil"]
[Result "1/2-1/2"]
[WhiteElo "2420"]
[BlackElo "2320"]
[PlyCount "51"]
[EventDate "1997.??.??"]
[EventType "swiss"]
[EventRounds "9"]
[EventCountry "GEO"]
[SourceTitle "EXT 2002"]
[Source "ChessBase"]
[SourceDate "2001.11.25"]
[SourceVersion "1"]
[SourceVersionDate "2001.11.25"]
[SourceQuality "1"]

1. c4 g6 2. Nc3 Bg7 3. g3 e5 4. Bg2 Nc6 5. Rb1 a5 6. a3 d6 7. b4 axb4 8. axb4
Nge7 9. d3 O-O 10. e3 Be6 11. Nge2 Qd7 12. Nd5 Bxd5 13. cxd5 Na7 14. O-O Nb5
15. Qb3 Ra6 16. Bb2 c6 17. Nc3 Nxc3 18. Bxc3 Rb6 19. Ra1 Nxd5 20. Bxd5 cxd5 21.
Qxd5 Rc8 22. Bd2 Qb5 23. Qxb5 Rxb5 24. Rfc1 Rxc1+ 25. Rxc1 Bf8 26. Ra1 1/2-1/2

[Event "Pasanauri op"]
[Site "Pasanauri"]
[Date "1997.??.??"]
[Round "?"]
[White "Aronian, Levon"]
[Black "Manukian, Lernik"]
[Result "1-0"]
[WhiteElo "2420"]
[BlackElo "2290"]
[PlyCount "59"]
[EventDate "1997.??.??"]
[EventType "swiss"]
[EventRounds "9"]
[EventCountry "GEO"]
[SourceTitle "EXT 2002"]
[Source "ChessBase"]
[SourceDate "2001.11.25"]
[SourceVersion "1"]
[SourceVersionDate "2001.11.25"]
[SourceQuality "1"]

1. e4 e6 2. Nc3 d5 3. d4 Nf6 4. Bg5 dxe4 5. Nxe4 Be7 6. Bxf6 Bxf6 7. Nf3 b6 8.
Bd3 Bb7 9. Qe2 Nd7 10. O-O-O Qe7 11. h4 O-O-O 12. Ba6 Nb8 13. Bxb7+ Kxb7 14. g4
Nc6 15. c3 Qd7 16. g5 Be7 17. c4 Bd6 18. Kb1 Rhe8 19. h5 Qe7 20. h6 f5 21. Nc3
g6 22. Rhe1 Qf8 23. c5 Bf4 24. Qc4 Na5 25. Qa4 Kb8 26. b4 Nb7 27. c6 a5 28. a3
axb4 29. axb4 Bd6 30. Qa6 1-0

[Event "Pasanauri op"]
[Site "Pasanauri"]
[Date "1997.??.??"]
[Round "?"]
[White "Matikozian, Andranik"]
[Black "Aronian, Levon"]
[Result "1-0"]
[WhiteElo "2305"]
[BlackElo "2420"]
[PlyCount "101"]
[EventDate "1997.??.??"]
[EventType "swiss"]
[EventRounds "9"]
[EventCountry "GEO"]
[SourceTitle "EXT 2002"]
[Source "ChessBase"]
[SourceDate "2001.11.25"]
[SourceVersion "1"]
[SourceVersionDate "2001.11.25"]
[SourceQuality "1"]

1. e4 c5 2. Nc3 Nc6 3. Nf3 d6 4. Bc4 g6 5. O-O Bg7 6. Re1 Nf6 7. d4 cxd4 8.
Nxd4 O-O 9. Bb3 Bd7 10. Bg5 h6 11. Bh4 Nxd4 12. Qxd4 g5 13. Bg3 Nh5 14. Qd2 Bc6
15. Rad1 Rc8 16. f4 Kh8 17. fxg5 Nxg3 18. hxg3 Be5 19. g6 Kg7 20. gxf7 Bd7 21.
Ne2 e6 22. Rf1 Qe7 23. Nd4 Bxg3 24. Rf3 Bh4 25. Ne2 Rc6 26. e5 d5 27. Rdf1 Bg5
28. Qd3 Qc5+ 29. Kh1 Rb6 30. Ng3 Rb4 31. Nh5+ Kh8 32. Qg6 Rh4+ 33. Rh3 Rxh5 34.
Rxh5 Qe3 35. c3 Qe4 36. Rxh6+ Bxh6 37. Qxh6+ Qh7 38. Qxh7+ Kxh7 39. Bd1 Kg7 40.
Bh5 Rc8 41. g4 Kf8 42. g5 Bc6 43. Kh2 d4 44. cxd4 Be4 45. Kg3 Rc2 46. g6 Rg2+
47. Kh3 Rg5 48. Kh4 Rg2 49. Rf6 Bd5 50. Bg4 Rh2+ 51. Kg5 1-0

[Event "Pasanauri op"]
[Site "Pasanauri"]
[Date "1997.??.??"]
[Round "?"]
[White "Qveliashvili, Tinatin"]
[Black "Aronian, Levon"]
[Result "0-1"]
[WhiteElo "2210"]
[BlackElo "2420"]
[PlyCount "86"]
[EventDate "1997.??.??"]
[EventType "swiss"]
[EventRounds "9"]
[EventCountry "GEO"]
[SourceTitle "EXT 2002"]
[Source "ChessBase"]
[SourceDate "2001.11.25"]
[SourceVersion "1"]
[SourceVersionDate "2001.11.25"]
[SourceQuality "1"]

1. e4 c5 2. Nc3 Nc6 3. g3 g6 4. Bg2 Bg7 5. d3 Rb8 6. Be3 b5 7. Qd2 b4 8. Nd1 d6
9. Ne2 e6 10. O-O Nd4 11. Nf4 Ne7 12. c3 bxc3 13. bxc3 O-O 14. Qc1 Ndc6 15. Nb2
Ba6 16. Qc2 Qa5 17. Rfc1 Qxc3 18. Qxc3 Bxc3 19. Rxc3 Rxb2 20. Bf1 Rfb8 21. Rb3
e5 22. Ng2 R8xb3 23. axb3 Nb4 24. d4 Bxf1 25. Kxf1 cxd4 26. Bc1 Rc2 27. Ne1 Rc7
28. Bd2 Nbc6 29. Nd3 f6 30. b4 Rb7 31. Ra4 Kf7 32. Ke2 Ke6 33. f3 Kd7 34. Kd1
Kc7 35. Kc2 Rb6 36. Nb2 d5 37. Kd3 a5 38. exd5 Nxd5 39. Nc4 Ndxb4+ 40. Ke2 Rb5
41. Nxa5 Rxa5 42. Rxa5 Nxa5 43. Bxb4 Nc6 0-1

[Event "Wch U16"]
[Site "Yerevan"]
[Date "1997.09.23"]
[Round "3"]
[White "Aronian, Levon"]
[Black "Ghaem Maghami, Ehsan"]
[Result "1-0"]
[WhiteElo "2435"]
[BlackElo "2235"]
[PlyCount "53"]
[EventDate "1997.09.21"]
[EventType "swiss"]
[EventRounds "11"]
[EventCountry "ARM"]
[SourceTitle "EXT 2008"]
[Source "ChessBase"]
[SourceDate "2007.11.25"]
[SourceVersion "1"]
[SourceVersionDate "2007.11.25"]
[SourceQuality "1"]

1. Nf3 Nf6 2. g3 b6 3. Bg2 Bb7 4. O-O e6 5. d4 c5 6. c4 cxd4 7. Nxd4 Bxg2 8.
Kxg2 d6 9. Nc3 Be7 10. b3 O-O 11. e4 Qd7 12. f4 Nc6 13. Nf3 Rfd8 14. Qe2 Rac8
15. Bb2 Qb7 16. Rad1 a6 17. Rfe1 Na7 18. a4 Nc6 19. Nd5 exd5 20. exd5 Na5 21.
Qxe7 Qxe7 22. Rxe7 Nxb3 23. Bxf6 gxf6 24. Rb1 Nc5 25. Rxb6 Kf8 26. Ra7 Nxa4 27.
Rbb7 1-0